Write once, twice and thrice! - Statistics

General Stats
  • This quiz has been taken 74 times
  • The average score is 20 of 30
Answer Stats
Hint Answer % Correct
Chad Chad
100%
Armenia Armenia
97%
Ireland Ireland
93%
Sao Tome Sao Tome
93%
United States United States
93%
Chad Cchhaadd
92%
Armenia Aarrmmeenniiaa
90%
Timor Leste Timor Leste
90%
Ireland Iirreellaanndd
88%
Kazakhstan Kazakhstan
88%
Saint Vincent Saint Vincent
88%
Kyrgyzstan Kyrgyzstan
86%
Sao Tome Ssaaoo Ttoommee
86%
United Arab Emirates United Arab Emirates
86%
United States Uunniitteedd Ssttaatteess
86%
Timor Leste Ttiimmoorr Lleessttee
83%
Saint Vincent Ssaaiinntt Vviinncceenntt
78%
Chad Ccchhhaaaddd
68%
Kazakhstan Kkaazzaakkhhssttaann
66%
Kyrgyzstan Kkyyrrggyyzzssttaann
61%
Armenia Aaarrrmmmeeennniiiaaa
59%
United Arab Emirates Uunniitteedd Aarraabb Eemmiirraatteess
59%
Ireland Iiirrreeelllaaannnddd
54%
United States Uuunnniiittteeeddd Ssstttaaattteeesss
44%
Sao Tome Sssaaaooo Tttooommmeee
37%
Timor Leste Tttiiimmmooorrr Llleeesssttteee
27%
Saint Vincent Sssaaaiiinnnttt Vvviiinnnccceeennnttt
20%
Kazakhstan Kkkaaazzzaaakkkhhhssstttaaannn
12%
Kyrgyzstan Kkkyyyrrrgggyyyzzzssstttaaannn
12%
United Arab Emirates Uuunnniiittteeeddd Aaarrraaabbb Eeemmmiiirrraaattteeesss
10%
No matching quizzes found
Score Distribution
Percent of People with Each Score
Percentile by Number Answered
Your Score History
You have not taken this quiz